Letná škola únavy materiálov ´98 : IV.ročník: August 1998, Žilina - Rajecké Teplice

Na minha lista:
Detalhes bibliográficos
Formato: Livro
Publicado em: 1998
Tags: Adicionar Tag
Sem tags, seja o primeiro a adicionar uma tag!

MARC

LEADER 00000nam a22000003a 4500
001 stu146315
005 20141122184214.6
008 071005s1998----------------------------d
020 |a 80-7100-523-1 
040 |a STU  |b slo 
041 0
245 |a Letná škola únavy materiálov ´98 :  |b IV.ročník: August 1998, Žilina - Rajecké Teplice 
260 |c 1998 
996 |b 284M055843  |c M*Z-1330  |l MMKN  |s A  |a 24  |w stu146315_0001